ბათუმის შოთა რუსთაველის სახელმწიფო უნივერსიტეტის ბიბლიოთეკა

კონსტიტუციონალიზმი : (ბიბ.ჩანაწერი № 37625)

000 -ლიდერი
ფიქსირებული სიგრძის საკონტროლო ველი 01165nam a2200253Ia 4500
001 - საკონტროლო ნომერი
საკონტროლო ველი 3597
003 - საკონტროლო ნომრის იდენტიფიკატორი
საკონტროლო ველი GE_BSU
005 - ბოლო ოპერაციის თარიღი და დრო
საკონტროლო ველი 20230301125008.0
008 - ფიქსირებული სიგრძის მონაცემთა ელემენტები - ზოგადი ინფორმაცია
ფიქსირებული სიგრძის საკონტროლო ველი 181216s2003||||ge |||||||||||||| ||geo||
020 ## - წიგნის საერთაშორისო სტანდარტული ნომერი
International Standard Book Number 9992896981
040 ## - კატალოგიზაციის წყარო
Transcribing agency GE_BSU
041 ## - ენის კოდი
Language code of text/sound track or separate title geo
080 ## - უნივერსალური ათობითი კლასიფიკაციის ინდექსი
Universal Decimal Classification number 342.4(075.8) მ–54
100 ## - მთავარი ჩანაწერი - პიროვნების სახელი
Personal name მელქაძე, ოთარ
9 (RLIN) 790
245 ## - ცნობა სათაურის შესახებ
Title კონსტიტუციონალიზმი :
Remainder of title თეორიის საკითხები /
Statement of responsibility, etc ოთარ მელქაძე.
264 ## - წარმოების, გამოცემის, დისტრიბუციის და სხვა ცნობები
გამოცემის, წარმოების, დისტრიბუციის... ადგილი ბათუმი :
გამოცემის, წარმოების, დისტრიბუციის... სახელწოდება ბათუმის უნ-ტის გამ-ბა,
გამოცემის, წარმოების, დისტრიბუციის... თარიღი 2003.
300 ## - ფიზიკური აღწერა
Extent 156 გვ. ;
Other physical details 20 სმ.
490 ## - სერიის ცნობა
Series statement პოლიტიკურ-სამართლებრივი ლიტ. სერია ; წ. 17
504 ## - BIBLIOGRAPHY, ETC. NOTE
Bibliography, etc ბიბლიოგრ. ტექსტ. შენიშვნ.
653 ## - INDEX TERM--UNCONTROLLED
Uncontrolled term კონსტიტუციური სამართალი
653 ## - INDEX TERM--UNCONTROLLED
Uncontrolled term კონსტიტუციონალიზმი
710 ## - ADDED ENTRY--CORPORATE NAME
Corporate name or jurisdiction name as entry element მსოფლიო პარლამენტარიზმის კვლევითი ცენტრი.
9 (RLIN) 2952
942 ## - ADDED ENTRY ELEMENTS (KOHA)
Koha item type წიგნი
Source of classification or shelving scheme
ეგზემპლარები
ჩამოწერის სტატუსი დაკარგული ეგზემპლარის სტატუსი კლასიფიკაციის წყარო ან თაროზე გაწყობის სქემა დაზიანების სტატუსი არ გაიცემა მუდმივი მდებარეობა (დაცვის ადგილი) ამჟამინდელი ადგილსამყოფელი თაროზე განთავსების ადგილი შეძენის თარიღი სრული შენახვის შიფრი შტრიხკოდი ბოლო ოპერაციის თარიღი ეგზემპლარის მიმდევრობითი ნომერი (კეტერი?) ფასის ძალაში შესვლის თარიღი ეგზემპლარის სახეობა საჯარო შენიშვნა ღირებულება, შესყიდვის ნორმალური ფასი
          ბათუმის შოთა რუსთაველის სახელმწიფო უნივერსიტეტის მთავარი ბიბლიოთეკა ბათუმის შოთა რუსთაველის სახელმწიფო უნივერსიტეტის მთავარი ბიბლიოთეკა წიგნსაცავი 2018-12-17 342.4(075.8) მ–54 5208 2018-12-17 5208 2018-12-17 წიგნი  
          ბათუმის შოთა რუსთაველის სახელმწიფო უნივერსიტეტის მთავარი ბიბლიოთეკა ბათუმის შოთა რუსთაველის სახელმწიფო უნივერსიტეტის მთავარი ბიბლიოთეკა წიგნსაცავი 2018-12-17 342.4(075.8) მ–54 5209 2018-12-17 5209 2018-12-17 წიგნი  
          ბათუმის შოთა რუსთაველის სახელმწიფო უნივერსიტეტის მთავარი ბიბლიოთეკა ბათუმის შოთა რუსთაველის სახელმწიფო უნივერსიტეტის მთავარი ბიბლიოთეკა წიგნსაცავი 2018-12-17 342.4(075.8) მ–54 5210 2018-12-17 5210 2018-12-17 წიგნი  
          ბათუმის შოთა რუსთაველის სახელმწიფო უნივერსიტეტის მთავარი ბიბლიოთეკა ბათუმის შოთა რუსთაველის სახელმწიფო უნივერსიტეტის მთავარი ბიბლიოთეკა წიგნსაცავი 2018-12-17 342.4(075.8) მ–54 5211 2018-12-17 5211 2018-12-17 წიგნი  
          ბათუმის შოთა რუსთაველის სახელმწიფო უნივერსიტეტის მთავარი ბიბლიოთეკა ბათუმის შოთა რუსთაველის სახელმწიფო უნივერსიტეტის მთავარი ბიბლიოთეკა წიგნსაცავი 2023-03-01 342.4(075.8) მ–54 63974 2023-03-01 63974 2023-03-01 წიგნი 5.00 5.00